[Event "BL 2016-17"]
[Site "Berlin"]
[Date "2017.04.29"]
[Round "13"]
[White "Michalik, Peter"]
[Black "Tischbierek, Raj"]
[Result "1/2-1/2"]
[WhiteElo "2564"]
[BlackElo "2450"]
[Annotator "TA"]
[PlyCount "87"]
[EventDate "2017.??.??"]
[EventType "team-tourn"]
[EventCountry "GER"]
[SourceTitle "playchess.com"]
[Source "ChessBase"]
[SourceQuality "1"]
[WhiteTeam "Schwäbisch Hall"]
[BlackTeam "TU Dresden"]

{[%evp 23,87,54,61,45,39,40,44,34,42,37,48,35,35,33,40,27,22,12,27,20,21,7,32,8,53,0,0,7,0,0,1,25,43,37,68,73,63,70,74,27,30,32,36,26,22,22,20,31,27,0,0,0,0,0,0,0,0,0,0,0,0,0,0,0,0,-1813]} 1. d4 d5 2. c4 c6 3. Nf3 Nf6 4. e3 Bg4 5. h3 Bxf3 6. Qxf3 e6 7. Nc3 Bb4 8. Bd3 Nbd7 9. O-O {D11: Slav Defence: 3 Nf3 sidelines and 3...Nf6 4 e3 Bg4} O-O 10. cxd5 (10. a3 Ba5 11. Rd1 e5 12. cxd5 Bxc3 13. dxc6 e4 14. Bxe4 Nxe4 15. cxd7 Ng5 16. Qxb7 Ba5 {0-1 (51) Eljanov,P (2739)-Bareev,E (2675) Baku 2016}) 10... cxd5 11. Bd2 e5 12. Qd1 e4 {LiveBook: 4 Games} 13. Nxe4 (13. Be2 $5 {with more complications.} Bd6 14. Qb3 Nb6 15. a4 Bb8 16. Rfc1) 13... dxe4 14. Bxb4 exd3 15. Bxf8 Nxf8 16. Qxd3 Qd5 $146 (16... Ne6) 17. Rfc1 Ne6 18. Qb3 Qd7 19. Rc4 Nd5 20. Rac1 g6 21. Qc2 {And now Rc8+ would win.} Nb6 22. Rc3 Kg7 23. Ra3 a5 24. Rd3 {Black must now prevent d5!} Nd5 {Black wants to play ...Nb4.} 25. Rdd1 f5 26. Re1 Rf8 27. Qd2 a4 28. f3 f4 29. e4 Ne3 30. d5 {[#] Threatens to win with Qa5.} Kg8 31. Qc3 Ng5 $1 {[%cal Rg5f3,Be6g5,Bg5f7,Bf7d6][%mdl 32]} 32. Qe5 Qd8 $1 33. Rc7 {[%csl Gc7][%cal Re5g7]} Nf7 $1 {[%cal Rf7e5]} 34. Qxf4 Nd6 35. Qxe3 Qxc7 36. Rc1 Qe7 {The position is equal.} 37. Rc2 Qe5 38. Kh1 Re8 39. Qa7 b5 40. Qd7 {[#] Rc7 is the strong threat.} Re7 41. Qd8+ Re8 42. Qd7 {Hoping for Rc7.} Re7 43. Qd8+ Re8 44. Qe7 $2 {[%mdl 40960] An unexpected result.} (44. Qd7 $11 Rf8 45. Rc7) 1/2-1/2

[Event "BL 2016-17"]
[Site "Berlin"]
[Date "2017.04.29"]
[Round "13"]
[White "Nijboer, Friso"]
[Black "Gledura, Benjamin"]
[Result "0-1"]
[WhiteElo "2535"]
[BlackElo "2592"]
[Annotator "TA"]
[PlyCount "80"]
[EventDate "2017.??.??"]
[EventType "team-tourn"]
[EventCountry "GER"]
[SourceTitle "playchess.com"]
[Source "ChessBase"]
[SourceQuality "1"]
[WhiteTeam "Aufwärts Aachen"]
[BlackTeam "SG Trier"]

{[%evp 14,80,17,26,20,20,20,21,30,28,24,11,31,3,13,8,12,-5,15,-97,-89,-83,-86,-125,-79,-132,-121,-151,-139,-147,-144,-128,-136,-144,-143,-157,-153,-169,-175,-171,-156,-178,-177,-164,-166,-175,-181,-181,-175,-179,-150,-175,-181,-222,-227,-225,-222,-222,-226,-234,-229,-237,-212,-221,-220,-562,-559,-816,-798]} 1. e4 e5 2. Nf3 Nc6 3. Bc4 Bc5 4. c3 Nf6 5. d3 d6 6. O-O h6 7. b4 {[%cal Bb2b4,Bb4b5][%mdl 32]} Bb6 8. a4 {[#] Hoping for a5.} a5 {C54: Giuoco Piano: 4 c3 Nf6, main lines with 5 d4 and 5 d3} 9. b5 Ne7 10. Nbd2 O-O {The position is equal.} 11. Re1 Ng6 12. d4 c6 $146 (12... Nh5 13. Be2 Nhf4 14. Nc4 Qf6 15. h3 Be6 16. Be3 Nxe2+ 17. Qxe2 Nf4 18. Bxf4 Qxf4 19. Nxb6 cxb6 {½-½ (66) Mamedyarov,S (2760)-Eljanov,P (2692) Wijk aan Zee 2008}) 13. bxc6 bxc6 {[%cal Bb7c6,Bc6d5][%mdl 32]} 14. Ba3 Re8 15. Qc2 d5 16. exd5 (16. Bd3 $11 {keeps the balance.}) 16... cxd5 $17 17. Bb5 Bd7 {White must now prevent ...e4.} 18. Bxd7 Qxd7 19. Rab1 (19. Nxe5 $142 Nxe5 20. Rxe5) 19... Qc7 {...e4 is the strong threat.} 20. Nxe5 Bxd4 $1 ({Don't play} 20... Nxe5 21. dxe5 (21. Rxe5 $2 Bxd4 22. Rxe8+ Rxe8 $17) 21... Ng4 22. Bd6 Bxf2+ 23. Kh1 $17) 21. Nxg6 fxg6 22. Nf3 Qxc3 23. Qxc3 Bxc3 24. Red1 Rac8 25. Kf1 Re4 26. Rbc1 Rxa4 27. Bb2 Rac4 (27... Bxb2 28. Rxc8+ Kh7 29. Ne1 $11) 28. Bxc3 Rxc3 29. Rxc3 Rxc3 $19 {[%mdl 4096] Endgame KRN-KRN} 30. Ra1 {[#]} Rc5 $1 31. Ke2 Rc2+ 32. Ke3 Ng4+ 33. Kf4 Rc4+ ({Worse is} 33... Rxf2 34. Kxg4 Rxg2+ 35. Kh3 $16 (35. Kf4 g5+ 36. Kf5 g4 $11)) 34. Kg3 a4 35. h3 Nf6 36. Ne5 Re4 37. Nxg6 Nh5+ 38. Kh2 Kf7 39. Nh8+ $2 (39. f3 {is tougher.} Re6 40. Nh4) 39... Kf6 40. Rb1 a3 0-1

[Event "BL 2016-17"]
[Site "Berlin"]
[Date "2017.04.29"]
[Round "13"]
[White "Horvath, Jozsef"]
[Black "Aronian, Levon"]
[Result "0-1"]
[WhiteElo "2533"]
[BlackElo "2774"]
[Annotator "TA"]
[PlyCount "102"]
[EventDate "2017.??.??"]
[EventType "team-tourn"]
[EventCountry "GER"]
[SourceTitle "playchess.com"]
[Source "ChessBase"]
[SourceQuality "1"]
[WhiteTeam "Speyer-Schwegenheim"]
[BlackTeam "Baden-Baden"]

{[%evp 14,102,61,57,64,23,39,24,33,11,8,9,22,-8,0,0,0,12,0,0,9,12,15,0,9,9,9,7,9,12,17,14,10,0,0,0,0,0,15,0,50,0,0,0,0,0,0,-7,0,0,0,-12,-6,-62,-60,-79,-79,-76,-75,-75,-79,-79,-75,-79,-47,-46,-34,-35,-35,-36,-41,-95,-16,-1127,-1168,-1087,-594,-5829,-5829,-4998,-4952,-4645,-4638,-1230,-8,-8,-8,-8,-8,-29980,-29981]} 1. e4 g6 2. d4 Bg7 3. Nc3 c6 4. Nf3 d6 5. Be2 Nf6 6. O-O O-O 7. a4 b6 8. h3 {LiveBook: 5 Games. B08: Pirc Defence: Classical System} Bb7 9. e5 $146 ({Predecessor (18):} 9. Bf4 Nbd7 10. Qd2 a6 11. Bh6 Qc7 12. Rfe1 Rfd8 13. Bc4 d5 14. exd5 cxd5 15. Bd3 Nf8 16. Bf4 Qd7 17. Ne5 Qc8 18. Qe3 Ra7 19. Ne2 Bc6 {½-½ (42) Miroshnichenko,P (2274)-Manolache,M (2509) Iasi 2016}) 9... Ne8 10. Bf4 {White is slightly better.} Nd7 11. Re1 c5 12. exd6 Nxd6 13. dxc5 Nxc5 14. Be5 a5 15. Bxg7 Kxg7 16. Qd4+ Kg8 17. Rad1 Qc7 18. Qe5 Rac8 19. Nd4 Rfd8 20. Bf3 Bxf3 21. Nxf3 e6 $1 22. Rd4 Ne8 23. Qxc7 (23. Qe3 $5 {with more complications.} Nd6 24. Qf4 Ne8 25. Qh6 Rxd4 26. Nxd4 Nd6 27. Qg5) 23... Nxc7 24. Red1 Rxd4 25. Rxd4 Kf8 26. Ne5 Ke7 27. Nc6+ Ke8 28. Nb5 Nxb5 29. axb5 $11 {[%mdl 4096] Endgame KRN-KRN} Nb7 30. c4 Nd8 31. Ne5 Rc7 32. f4 f6 33. Ng4 (33. Nd3 $11) 33... Ke7 $15 34. Nxf6 Kxf6 35. Rxd8 Rxc4 {KR-KR} 36. Rf8+ Ke7 37. Rb8 Rxf4 38. Rxb6 Rb4 39. Rb7+ Kd6 40. Rxh7 Rxb2 {aiming for ...Kc5.} 41. Ra7 Rxb5 42. Ra6+ (42. Kf2 $15) 42... Kc5 (42... Ke5 $17 43. Kf2 Rb2+ 44. Kf3 Ra2) 43. h4 $2 {[%mdl 8192] [#]} (43. Kf2 $11) 43... Kb4 $1 $19 44. Rxe6 a4 45. Rxg6 a3 46. Ra6 Ra5 47. Rb6+ Ka4 48. Rb1 {[#]} a2 $2 ({Black should play} 48... Rh5 $1 $19 {next ...a2 is good for Black.} 49. Kf2 Rxh4) 49. Ra1 $1 $11 {[%cal Ra1a2]} Kb3 {...Kb2 is the strong threat.} 50. Kf2 Kb2 51. Rh1 $2 {[%mdl 8192]} (51. Rd1 $11) 51... Rc5 0-1

[Event "BL 2016-17"]
[Site "Berlin"]
[Date "2017.04.29"]
[Round "13"]
[White "Ribli, Zoltan"]
[Black "Hoffmeyer, Falk"]
[Result "1/2-1/2"]
[WhiteElo "2531"]
[BlackElo "2351"]
[Annotator "TA"]
[PlyCount "43"]
[EventDate "2017.??.??"]
[EventType "team-tourn"]
[EventCountry "GER"]
[SourceTitle "playchess.com"]
[Source "ChessBase"]
[SourceQuality "1"]
[WhiteTeam "Bayern München"]
[BlackTeam "Zugzwang München"]

{[%evp 7,43,20,24,-52,-61,-50,-71,-129,-135,-141,-137,-155,-98,-93,-90,-112,-139,-122,-70,-109,-117,-143,-154,-147,-158,-139,-20,-11,25,23,54,41,43,26,48,-43,48,54]} 1. c4 e5 2. Nc3 Bb4 3. Nd5 Bc5 4. Nf3 c6 {LiveBook: 119 Games} 5. b4 {A21: English Opening: 1...e5 2 Nc3} (5. Nc3 $11) (5. Nc3 d6 6. e3 Qe7 7. d4 exd4 8. Nxd4 Nf6 9. Be2 O-O 10. O-O d5 11. cxd5 cxd5 12. Nb3 Bb4 13. Nxd5 Nxd5 14. Qxd5 {½-½ (28) Nepomniachtchi,I (2767)-Carlsen,M (2840) Wijk aan Zee 2017}) 5... Bxf2+ $1 $15 6. Kxf2 {Hoping for Nc3.} cxd5 7. Bb2 $146 (7. cxd5 $142 Nf6 8. Qc2) (7. e3 d6 8. cxd5 Bg4 9. Bb2 Nf6 10. Qa4+ Nbd7 11. Qb3 Ne4+ 12. Ke1 Bxf3 13. gxf3 Qh4+ 14. Ke2 Qf2+ {0-1 (14) Sedivy,O (1407)-Zvara,D (1550) Ricany 2006}) 7... d6 $17 8. cxd5 Nf6 9. Qb3 Na6 (9... Ng4+ $6 10. Kg1 $11) (9... a5 $142 10. e3 O-O) 10. e3 Nc7 11. Bc4 b5 $1 {[%cal Rb5c4]} 12. Bd3 Ng4+ (12... Ncxd5 $6 13. Bxb5+ Bd7 14. Bc4 $11) (12... O-O $17 13. e4 Ng4+ 14. Kg1 f5 15. exf5 (15. h3 Nf6 16. Nxe5 dxe5 17. d6+ Ne6 18. exf5 Qb6+ 19. Kh2 Qxd6 $17) 15... Bxf5) 13. Ke1 {[#]} f5 $1 14. Rc1 {And now Qc3 would win.} O-O 15. h3 Nf6 16. Ng5 {[#]} e4 ({Don't take} 16... Ncxd5 17. Bxb5 Qe7 18. d4 $15) ({Better is} 16... Qe7 $1 $17 17. Be2 Kh8) 17. Ne6 $1 $11 {[%cal Re6d8]} Nxe6 18. dxe6 d5 19. Bxb5 Bxe6 20. Be5 Rc8 21. Kf2 ({White should play} 21. Rc5 $14) 21... Qb6 ({Black should try} 21... f4 $1 $15 22. exf4 (22. Rxc8 Bxc8 23. Bxf4 g5 $17) 22... Qb6+ 23. Rc5 e3+ 24. Kg1 (24. Ke2 exd2 25. Bxf6 gxf6 $15) 24... exd2) 22. Rxc8 1/2-1/2

[Event "BL 2016-17"]
[Site "Berlin"]
[Date "2017.04.29"]
[Round "13"]
[White "Bobras, Piotr"]
[Black "Hoffmann, Michael"]
[Result "1/2-1/2"]
[WhiteElo "2522"]
[BlackElo "2457"]
[Annotator "TA"]
[PlyCount "79"]
[EventDate "2017.??.??"]
[EventType "team-tourn"]
[EventCountry "GER"]
[SourceTitle "playchess.com"]
[Source "ChessBase"]
[SourceQuality "1"]
[WhiteTeam "SG Trier"]
[BlackTeam "Aufwärts Aachen"]

{[%evp 30,79,18,18,13,0,163,153,298,284,291,292,285,282,248,180,187,77,297,320,330,308,396,399,384,222,213,197,187,73,561,162,152,50,35,43,29,35,46,46,44,49,48,31,29,0,47,0,25,0,56,0]} 1. e4 e6 2. d4 d5 3. Nc3 Nf6 4. e5 Nfd7 5. f4 c5 6. Nf3 Nc6 7. Be3 cxd4 8. Nxd4 Qb6 9. Qd2 Qxb2 10. Rb1 Qa3 11. Bb5 Nxd4 {C11: French: Classical System: 4 e5 and 4 Bg5 dxe4} 12. Bxd4 a6 13. Bxd7+ Bxd7 14. Rb3 Qe7 15. Rxb7 Rc8 ({Relevant:} 15... Qd8 16. O-O Rb8 17. Rxb8 Qxb8 18. f5 Qc8 19. f6 gxf6 {½-½ (33) Caruana,F (2795)-Robson,R (2663) Saint Louis 2016}) 16. O-O {LiveBook: 23 Games} Qa3 17. Kh1 Qa5 $146 (17... Bb4 $11 {and Black is okay.} 18. Rf3 Bc6) ({Predecessor:} 17... Bc5 18. Bxc5 Rxc5 19. Ne4 {1-0 (43) Asgari,M (2279)-Bajarani,U (2492) Teheran 2014}) 18. f5 $1 $18 Bc5 (18... exf5 $16 19. e6 fxe6) 19. Bxc5 Rxc5 20. Qg5 {Intending fxe6 and mate.} Rc7 21. Qxg7 Rf8 22. Rxc7 $40 {[%mdl 128] White attacks with force.} Qxc7 23. Qg3 (23. Ne2 $18) 23... Qc4 $2 (23... f6 $16 {was necessary.}) 24. Rb1 exf5 25. h3 {Black must now prevent Rb8+.} f4 26. Rb8+ Bc8 27. Qg4 (27. Qf3 $142 Qc7 28. Ra8) 27... Ke7 28. Qg5+ Kd7 {[#]} 29. Rb3 (29. Na4 $1 $18 {is more deadly.} Qxa4 {[#]} 30. e6+ $1 {[%mdl 512]} Kd6 31. Qf6 Bxe6 32. Rxf8) 29... Qf1+ (29... Ke8 $16 {was called for.}) 30. Kh2 f3 31. Qf5+ (31. Qg4+ $16 Kd8 32. Qxf3 (32. Qg5+ Ke8 33. Rb8 Kd7 $16) 32... Qxf3 33. gxf3) 31... Kc6 $14 {[%csl Gf3][%cal Rf1g2]} 32. Qxf3 Qxf3 33. gxf3 {[%mdl 4096] Endgame KRB-KRN} f6 34. exf6 Rxf6 35. Ne2 Bd7 36. Rc3+ Kd6 37. Re3 Kc5 38. Rc3+ Kd6 39. Re3 Kc5 40. Rc3+ (40. Kg3 $14) 1/2-1/2

[Event "BL 2016-17"]
[Site "Berlin"]
[Date "2017.04.29"]
[Round "13"]
[White "Sprenger, Jan Michael"]
[Black "Moreno Tejera, Emilio"]
[Result "1/2-1/2"]
[WhiteElo "2520"]
[BlackElo "2426"]
[Annotator "TA"]
[PlyCount "55"]
[EventDate "2017.??.??"]
[EventType "team-tourn"]
[EventCountry "GER"]
[SourceTitle "playchess.com"]
[Source "ChessBase"]
[SourceQuality "1"]
[WhiteTeam "SF Berlin"]
[BlackTeam "König Tegel"]

{[%evp 21,55,15,77,38,39,18,28,28,19,27,37,35,43,33,50,50,50,41,52,48,54,27,72,78,76,64,79,50,86,77,83,74,77,76,83,83]} 1. e4 c5 2. Nf3 d6 3. d4 cxd4 4. Nxd4 Nf6 5. Nc3 Nc6 6. Bg5 e6 7. Qd2 Be7 8. O-O-O Nxd4 9. Qxd4 O-O 10. f4 Qa5 11. h4 {[#] B65: Sicilian: Richter-Rauzer: 7...Be7 8 0-0-0 0-0 9 f4 Nxd4} Rd8 {LiveBook: 10 Games} (11... d5 $1 $11 {[%mdl 512]}) 12. Bd3 e5 13. Qe3 {White is slightly better.} exf4 14. Qxf4 Be6 15. Kb1 {[#]} Qe5 $146 ({Predecessor:} 15... Kf8 16. Rhf1 Rac8 17. Nd5 Nxd5 18. exd5 Bxg5 19. hxg5 Qxd5 {1-0 (37) Lastin,A (2621)-Motylev,A (2666) Dagomys 2008}) 16. Nd5 Bxd5 17. exd5 {[#] Qf3 is the strong threat.} Qxf4 ({Not} 17... Nxd5 $2 18. Qf3 Bf6 19. c3 $16) 18. Bxf4 Ng4 19. Rde1 Bf6 20. Be2 Ne5 21. g4 {[%cal Bg2g4,Bg4g5][%mdl 32]} g6 22. g5 Bg7 23. c4 b6 24. h5 Rac8 25. b3 {White is better.} Re8 26. Rhf1 Re7 27. Bg3 a5 28. a4 1/2-1/2

[Event "BL 2016-17"]
[Site "Berlin"]
[Date "2017.04.29"]
[Round "13"]
[White "Dragnev, Valentin"]
[Black "Mons, Leon"]
[Result "1/2-1/2"]
[WhiteElo "2515"]
[BlackElo "2479"]
[Annotator "TA"]
[PlyCount "66"]
[EventDate "2017.??.??"]
[EventType "team-tourn"]
[EventCountry "GER"]
[SourceTitle "playchess.com"]
[Source "ChessBase"]
[SourceQuality "1"]
[WhiteTeam "Bayern München"]
[BlackTeam "Zugzwang München"]

{[%evp 18,66,34,29,20,-11,-5,-13,0,0,0,1,7,0,2,0,0,-7,-15,-17,-6,-28,-23,-40,-52,-45,-28,-20,-14,-12,-20,-31,-31,-46,-30,-27,-33,-63,-60,-14,-27,-44,-86,-86,-61,-61,0,0,0,0,0]} 1. d4 Nf6 2. Nf3 d5 3. c4 e6 4. g3 Be7 5. Bg2 O-O 6. O-O dxc4 7. Ne5 c5 8. dxc5 Qc7 {E05: Open Catalan: 5 Nf3 Be7} 9. Nxc4 Rd8 (9... Qxc5 10. b3 Rd8 11. Nbd2 Nc6 12. Bb2 Qb5 13. e3 Bd7 14. a4 Qa6 15. g4 Be8 16. g5 Nd7 17. Qg4 Nde5 18. Nxe5 Nxe5 19. Bxe5 Rxd2 {½-½ (31) Matlakov,M (2701)-Blomqvist,E (2574) Caleta 2017}) 10. Qc2 {LiveBook: 3 Games} Nc6 {[%cal Bb8c6,Bc6e5,Be5c4][%mdl 32] White has an edge.} 11. e3 $146 (11. Nc3 Nd4 12. Qb1 Qxc5 13. Nd2 e5 14. e3 Nc6 15. Nb3 Qb6 16. Bd2 {½-½ (45) Lenderman,A (2581)-Haria,R (2382) London 2016}) 11... Bxc5 12. a3 Be7 13. b3 Ne5 14. Bb2 Nxc4 15. Rc1 Bd7 16. Nd2 Bc6 17. Nxc4 {next Ne5 is good for White.} Bxg2 18. Kxg2 Qc6+ 19. Kg1 Rac8 {[#] Threatens to win with ...b5.} 20. a4 Ne4 21. Rd1 ({Don't capture} 21. f3 $2 Nd2 22. Qxd2 Rxd2 23. Nxd2 Qd7 $19) 21... Ng5 {[%cal Be4g5,Bg5f3,Bf3d2][%mdl 32] And now ...Nh3+ would win.} 22. h4 $1 {[%cal Rh4g5]} Nf3+ 23. Kf1 Bb4 24. Rxd8+ Rxd8 25. Rd1 {[#]} Rd2 $1 {[%mdl 512]} 26. Rxd2 (26. Nxd2 Qxc2) 26... Nxd2+ (26... Bxd2 $2 {too greedy.} 27. e4 $18) 27. Kg1 Nf3+ 28. Kf1 Ne1 {( -> ...Qg2+)} 29. Qb1 Qh1+ 30. Ke2 Qf3+ 31. Kf1 f6 ({Black should play} 31... Qg2+ $1 $15 32. Ke2 Nf3) 32. Ba3 $1 $11 {[%cal Ra3b4]} Qg2+ 33. Ke2 Qf3+ 1/2-1/2

[Event "BL 2016-17"]
[Site "Berlin"]
[Date "2017.04.29"]
[Round "13"]
[White "Lampert, Jonas"]
[Black "Werle, Jan"]
[Result "0-1"]
[WhiteElo "2511"]
[BlackElo "2522"]
[Annotator "TA"]
[PlyCount "72"]
[EventDate "2017.??.??"]
[EventType "team-tourn"]
[EventCountry "GER"]
[SourceTitle "playchess.com"]
[Source "ChessBase"]
[SourceQuality "1"]
[WhiteTeam "Hamburger SK"]
[BlackTeam "Werder Bremen"]

{[%evp 17,72,18,22,17,14,-14,-14,-1,0,-18,-13,-13,-9,-18,-22,-11,-8,-27,-23,-22,-23,-19,-12,-19,-20,-20,-10,-46,-50,-78,-77,-85,-77,-162,-152,-141,-132,-131,-125,-117,-135,-119,-105,-450,-416,-747,-718,-833,-831,-827,-822,-827,-798,-1125,-1125,-1055,-1041]} 1. d4 Nf6 2. c4 e6 3. g3 d5 4. Nf3 Bb4+ 5. Bd2 {E01: Catalan: Early deviations} Bd6 (5... Be7 6. Bg2 O-O 7. O-O Nbd7 8. Qc2 Ne4 9. Bf4 c6 10. Nc3 g5 11. Bc1 f5 12. b3 b6 13. Bb2 Bb7 14. Rad1 Qe8 15. Nd2 Nd6 16. Ba3 Rc8 17. Rfe1 Nf7 18. Qb2 {½-½ (30) So,W (2822)-Nakamura,H (2793) Saint Louis 2017}) 6. Nc3 O-O 7. Bg2 c6 8. Bg5 h6 9. Bxf6 Qxf6 {LiveBook: 9 Games} 10. O-O Qd8 11. e4 {[%cal Re4d5]} dxc4 12. Nd2 e5 13. Nxc4 exd4 14. Qxd4 {[#]} Bc7 $146 15. Rad1 Qxd4 16. Rxd4 Nd7 17. Nd6 Ne5 18. Nxc8 Raxc8 19. Rfd1 b5 20. Kf1 Bb6 21. R4d2 $1 g5 22. a4 b4 23. Na2 c5 24. Rd5 Rfe8 25. b3 (25. Nc1 $17 {is a better defense.}) 25... c4 $19 26. bxc4 Rxc4 {aiming for ...b3.} 27. a5 {[#]} Bc5 $1 {...b3 is the strong threat.} 28. Nc1 Rc2 29. R5d2 {[#]} Rc3 $1 ({Much less strong is} 29... Rxd2 30. Rxd2 Rc8 31. Rc2 $15) 30. Nd3 $2 {[%mdl 8192]} (30. Rd5 $17) 30... Nc4 31. Re2 (31. e5 $142) 31... Rd8 {Black is clearly winning.} (31... Nxa5 $2 32. Nxc5 Rxc5 33. Rd5 $19) 32. Nb2 Rxd1+ 33. Nxd1 Rc1 34. Re1 b3 {[%cal Bb4b3,Bb3b2][%mdl 32]} 35. Ke2 Rc2+ 36. Kf1 b2 0-1

[Event "BL 2016-17"]
[Site "Berlin"]
[Date "2017.04.29"]
[Round "13"]
[White "Kindermann, Stefan"]
[Black "Gabriel, Christian"]
[Result "1/2-1/2"]
[WhiteElo "2509"]
[BlackElo "2512"]
[Annotator "TA"]
[PlyCount "44"]
[EventDate "2017.??.??"]
[EventType "team-tourn"]
[EventCountry "GER"]
[SourceTitle "playchess.com"]
[Source "ChessBase"]
[SourceQuality "1"]
[WhiteTeam "Zugzwang München"]
[BlackTeam "Bayern München"]

{[%evp 19,44,14,33,33,26,26,33,33,30,25,49,49,53,46,63,11,94,71,72,0,0,0,0,0,11,0,0]} 1. e4 e5 2. Nf3 Nc6 3. Bc4 Bc5 4. O-O Nf6 5. d3 d6 6. c3 Bb6 7. a4 {[%cal Ba2a4,Ba4a5][%mdl 32]} a6 {C54: Giuoco Piano: 4 c3 Nf6, main lines with 5 d4 and 5 d3} 8. Re1 O-O 9. h3 h6 (9... Ne7 10. a5 Ba7 11. Nbd2 Ng6 12. Nf1 c6 13. Bb3 d5 14. Ng3 Be6 15. Ng5 Bc8 {½-½ (35) Ganguly,S (2672)-Yu,Y (2738) China 2016}) 10. Nbd2 Ne7 {LiveBook: 4 Games} 11. a5 Ba7 {[%cal Bb6a7,Ba7b8,Bb8c7][%mdl 32]} 12. Nf1 Ng6 13. Ng3 c6 $146 (13... Re8 14. Qb3 Qd7 15. Bd2 {½-½ (70) Maksimenko,A (2495)-Sulypa,A (2449) Ordzhonikidze 2000}) 14. Bb3 Re8 15. d4 Bb8 16. dxe5 dxe5 17. Qc2 ({White should play} 17. Be3 $14) 17... Nf4 (17... Ba7 $11) 18. Bxf4 $16 exf4 19. Nf5 (19. Rad1 $16 Qxa5 20. e5 fxg3 21. exf6 Rxe1+ 22. Rxe1) 19... Bxf5 $11 {The position is equal.} 20. exf5 Bc7 21. Bc4 Qd7 22. b4 Rad8 1/2-1/2

[Event "BL 2016-17"]
[Site "Berlin"]
[Date "2017.04.29"]
[Round "13"]
[White "Zaragatski, Ilja"]
[Black "Cyborowski, Lukasz"]
[Result "1/2-1/2"]
[WhiteElo "2509"]
[BlackElo "2532"]
[Annotator "TA"]
[PlyCount "64"]
[EventDate "2017.??.??"]
[EventType "team-tourn"]
[EventCountry "GER"]
[SourceTitle "playchess.com"]
[Source "ChessBase"]
[SourceQuality "1"]
[WhiteTeam "Aufwärts Aachen"]
[BlackTeam "SG Trier"]

{[%evp 21,64,4,19,11,8,12,28,11,16,0,7,-7,0,0,-2,-6,-7,-7,-9,-3,0,0,0,0,0,0,0,0,0,0,0,0,0,0,0,0,0,0,0,0,0,0,0,0,0]} 1. Nf3 Nf6 2. g3 c5 3. Bg2 Nc6 4. O-O d5 5. d4 e6 6. c4 dxc4 7. dxc5 Qxd1 8. Rxd1 Bxc5 9. Nbd2 c3 10. bxc3 O-O {E04: Open Catalan: 5 Nf3} 11. Ne1 Be7 {LiveBook: 5 Games} 12. Nd3 Bd7 13. Nb3 b6 14. c4 Rfd8 {The position is equal.} 15. Bb2 $146 (15. c5 Nd5 16. Bb2 Be8 17. Rac1 Rac8 18. Be4 {½-½ (38) Gupta,A (2604)-Stany,G (2407) Bhubaneswar 2011}) 15... Be8 16. c5 Rac8 17. cxb6 axb6 18. Rac1 Nd5 19. Nd4 Nxd4 20. Bxd4 Bf6 {[#] Hoping for ...Rxc1.} 21. Bxf6 Nxf6 22. Bb7 Rxc1 23. Rxc1 Bb5 24. Rb1 Bxd3 25. exd3 $11 {[%mdl 4096] Endgame KRB-KRN} Rd6 26. d4 Kf8 27. Kf1 Ke7 28. Ke2 Kd7 29. Bf3 Kc7 30. Rc1+ Kd7 31. Rb1 Kc7 32. Rc1+ Kd7 1/2-1/2